Who Will be the Next in Line to Join the Euro Area? A Business Cycle Synchronisation Evidence

Cieľom príspevku je preskúmať synchronizáciu hospodárskeho cyklu medzi siedmimi kandidátskymi krajinami v rámci eurozóny: Bulharsko, Česká republika, Chorvátsko, Maďarsko, Poľsko, Rumunsko a Švédsko.

Salvato in:
Dettagli Bibliografici
Autore principale: Duarte, António Portugal
Altri autori: da Silva, Nuno Baetas, Lábaj, Martin, 1982-, Šuláková, Agáta, 1995-
Natura: Capitolo di libro
Lingua:inglese
Soggetti:
Tags: Aggiungi Tag
Nessun Tag, puoi essere il primo ad aggiungerne!!

MARC

LEADER 00000naa a2200000 4500
001 0307779
005 20250321090703.4
041 0 |a eng 
044 |a SK 
245 1 0 |a Who Will be the Next in Line to Join the Euro Area? A Business Cycle Synchronisation Evidence  |c António Portugal Duarte, Nuno Baetas da Silva, Martin Lábaj 
500 |a UIDB/05037/2020 
520 |a Cieľom príspevku je preskúmať synchronizáciu hospodárskeho cyklu medzi siedmimi kandidátskymi krajinami v rámci eurozóny: Bulharsko, Česká republika, Chorvátsko, Maďarsko, Poľsko, Rumunsko a Švédsko. 
610 2 0 |a cykly hospodárske 
610 2 0 |a eurozóna 
610 2 0 |a produkt domáci hrubý 
610 2 0 |a integrácia ekonomická medzinárodná 
100 1 |a Duarte, António Portugal 
700 1 |a da Silva, Nuno Baetas 
700 1 |a Lábaj, Martin, 1982- 
700 1 |a Šuláková, Agáta, 1995-